Online
Catalog

La renovación católica carismática : (Record no. 14714)

MARC details
000 -CABECERA
campo de control de longitud fija 00788cam a2200217 a 4500
001 - NÚMERO DE CONTROL
campo de control 000015142
005 - FECHA Y HORA DE LA ÚLTIMA TRANSACCIÓN
campo de control 20200929163951.0
008 - DATOS DE LONGITUD FIJA--INFORMACIÓN GENERAL
campo de control de longitud fija 790524s1978 ve r 000 0 spa
040 ## - FUENTE DE LA CATALOGACIÓN
Centro catalogador/agencia de origen DO-SdBNP
Lengua de catalogación spa
Centro/agencia transcriptor DLC
Centro/agencia modificador BNPHU
082 ## - NÚMERO DE LA CLASIFICACIÓN DECIMAL DEWEY
Número de clasificación 270.82
Número de documento/Ítem G211r
100 1# - ENTRADA PRINCIPAL--NOMBRE DE PERSONA
Nombre de persona Ganuza, Juan Miguel
9 (RLIN) 34261
245 13 - MENCIÓN DE TÍTULO
Título La renovación católica carismática :
Resto del título documentos de la iglesia, selección y notas introductorias /
Mención de responsabilidad, etc. Juan Miguel Ganuza.
260 ## - PUBLICACIÓN, DISTRIBUCIÓN, ETC.
Lugar de publicación, distribución, etc. Caracas, Venezuela :
Nombre del editor, distribuidor, etc. Universidad Católica Andrés Bello,
Fecha de publicación, distribución, etc. 1978.
300 ## - DESCRIPCIÓN FÍSICA
Extensión 209 p. ;
Dimensiones 19 cm.
490 1# - MENCIÓN DE SERIE
Mención de serie Manoa
Designación de volumen o secuencia 11
650 #4 - PUNTO DE ACCESO ADICIONAL DE MATERIA--TÉRMINO DE MATERIA
Término de materia o nombre geográfico como elemento de entrada Iglesia católica
Subdivisión cronológica SIGLO XX
9 (RLIN) 34262
650 #4 - PUNTO DE ACCESO ADICIONAL DE MATERIA--TÉRMINO DE MATERIA
Término de materia o nombre geográfico como elemento de entrada Movimiento carismático
9 (RLIN) 666
650 #4 - PUNTO DE ACCESO ADICIONAL DE MATERIA--TÉRMINO DE MATERIA
Término de materia o nombre geográfico como elemento de entrada Iglesia católica
Subdivisión general Documentación
9 (RLIN) 34263
830 #0 - PUNTO DE ACCESO ADICIONAL DE SERIE-TÍTULO UNIFORME
Título uniforme Manoa ;
Número de parte o sección de la obra 11
9 (RLIN) 34264
910 ## - DATOS DE OPCIÓN DEL USUARIO (OCLC)
Datos de opción del usuario Catalogación por copia / LC
Holdings
Estado de retiro Estado de pérdida Restricciones de uso No para préstamo Código de colección Localización permanente Ubicación/localización actual Ubicación en estantería Fecha de adquisición Número de inventario Total de préstamos Signatura topográfica completa Código de barras Fecha visto por última vez Precio válido a partir de Tipo de ítem Koha
    Préstamo interno   Monografías: Libros y Folletos General General En catalogación 01.02.2010 LF1   270.82 G211r 15142-10 25.06.2020 25.06.2020 Préstamo interno

Powered by Koha